000 00558 a2200169 4500
020 _a082134255X
020 _a9780821342558
090 _c2480
_d2480
100 1 _aBank, The World.
245 1 0 _aSelection of consultants /
_cThe World Bank.
260 _a[S.l.] :
_bWorld Bank,
_c1998.
300 _a178 p.
500 _aPaperback.
856 4 0 _3Amazon.com
_uhttp://www.amazon.com/exec/obidos/ASIN/082134255X/chopaconline-20
856 4 0 _3Amazon customer reviews
_uhttp://www.chopac.org/cgi-bin/tools/azrev.pl?q=082134255X
942 _aNBS
_cBK
_k658.46 SEL
999 _c344977
_d344977